[Event "22.Deutsche Senioreneinzelmeisterschaft"]
[Site "Berlin-Spandau"]
[Date "2010.08.18"]
[Round "3.74"]
[White "Blosze, Winfried"]
[Black "Mueller, Klaus"]
[Result "1-0"]
[WhiteElo "1684"]
[BlackElo "1898"]
[PlyCount "65"]
[EventDate "2010.08.??"]
[EventType "swiss"]
[EventRounds "9"]
[EventCountry "GER"]
[WhiteTeam "SV Koenigsspringer 1929 Großauhei"]
[BlackTeam "SG Lok Brandenburg, Abt. Schach"]

1. e4 c5 2. d4 cxd4 3. c3 dxc3 4. Nxc3 e6 5. Bc4 d6 6. Nf3 Nc6 7. O-O a6 8. Qe2
Nf6 9. Rd1 Qc7 10. Bf4 Be7 11. Rac1 O-O 12. a3 Nd7 13. Ba2 Qb8 14. b4 Nce5 15.
Nd4 Nf6 16. h3 Bd7 17. Bh2 Rc8 18. f4 Nc6 19. Nf3 b5 20. e5 dxe5 21. fxe5 Qa7+
22. Kh1 Ne8 23. Bb1 Rd8 24. Rd2 g6 25. Ne4 Rac8 26. Rcd1 Ng7 27. Nf6+ Bxf6 28.
exf6 Ne8 29. Be4 Nxf6 30. Bxc6 Rxc6 31. Ne5 Rcc8 32. Qf3 Kg7 33. Rf1 1-0

[Event "22.Deutsche Senioreneinzelmeisterschaft"]
[Site "Berlin-Spandau"]
[Date "2010.08.18"]
[Round "3.75"]
[White "Fischer, Semen"]
[Black "Mann, Klaus-Dieter"]
[Result "0-1"]
[WhiteElo "1678"]
[BlackElo "1898"]
[PlyCount "198"]
[EventDate "2010.08.??"]
[EventType "swiss"]
[EventRounds "9"]
[EventCountry "GER"]
[WhiteTeam "USV Potsdam e.V., Abt. Schach"]
[BlackTeam "SV Osnabrueck"]

1. Nc3 Nf6 2. d4 g6 3. h3 d6 4. Bf4 Bg7 5. e3 c6 6. Bc4 Nbd7 7. Nge2 O-O 8. O-O
Re8 9. Bd3 b6 10. Ne4 Bb7 11. c4 Nxe4 12. Bxe4 e5 13. dxe5 dxe5 14. Bh2 Qe7 15.
Bc2 Red8 16. Nc3 f5 17. Qe2 Nc5 18. Rad1 Ne6 19. Rxd8+ Rxd8 20. Rd1 a5 21.
Rxd8+ Qxd8 22. Qd1 Qxd1+ 23. Nxd1 Kf7 24. Nc3 Nc5 25. a3 Ke6 26. b4 axb4 27.
axb4 Nd7 28. Bb3 Bf8 29. Na2 Kf6 30. g4 Bd6 31. f4 h6 32. Kf2 c5 33. b5 Be4 34.
Nc3 Bb7 35. Bc2 e4 36. Bd1 Kg7 37. h4 Nf6 38. g5 hxg5 39. hxg5 Ne8 40. Na4 Bc7
41. Bg3 Nd6 42. Be2 Bc8 43. Kf1 Be6 44. Nb2 Kf8 45. Be1 Bd8 46. Bc3 Ke8 47. Be5
Nc8 48. Ke1 Kd7 49. Kd2 Bc7 50. Bg7 Nd6 51. Kc3 Ne8 52. Bh8 Bd6 53. Na4 Kc7 54.
Kb3 Bf8 55. Be5+ Kb7 56. Nc3 Bg7 57. Nd5 Bxe5 58. fxe5 Ng7 59. Nf4 Bf7 60. Kc2
Ne6 61. Nh3 Kc7 62. Kd2 Kd7 63. Ke1 Ke7 64. Kf2 Nf8 65. Nf4 Nh7 66. Nd5+ Bxd5
67. cxd5 Nxg5 68. Kg3 Nf3 69. Bxf3 exf3 70. Kxf3 g5 71. e4 f4 72. Kg4 c4 {
Auf beiden Formularen steht c3 - und auf beiden Formularen steht der Bauer
zuletzt auf c5. Ein Turbobauer! Deshalb sind jetzt einige Koenigs-Nullzuege
eingefuegt, damit Schwarz wieder das Zugrecht bekommt.} 73. Kh3 {1. Nullzug}
Kd7 74. Kh2 Ke7 75. Kg2 Kd7 76. Kh3 Ke7 77. Kg4 {
Letzter Nullzug. Ab jetzt weiter mit der Partie:} c3 78. d6+ Kd7 79. Kf5 {
Auf beiden Formularen steht Kf6. Es folgen weitere Nullzuege, damit Wei erneut
das Zugrecht bekommt.} Ke8 {1. Nullzug} 80. Ke6 Kd8 81. Kf6 Kc8 82. Kf5 Kd7 {
Letzter Nullzug} 83. Kf6 c2 84. e6+ Kxd6 85. e7 c1=Q 86. e8=Q Qc3+ 87. e5+ Kc5
88. Qc8+ Kb4 89. Qg4 Qg3 90. Qxg5 Qxg5+ 91. Kxg5 f3 92. e6 f2 93. e7 f1=Q 94.
e8=Q Qxb5+ 95. Qxb5+ Kxb5 96. Kf4 Kc4 97. Ke3 Kc3 98. Ke2 Kc2 99. Ke3 b5 0-1

[Event "22.Deutsche Senioreneinzelmeisterschaft"]
[Site "Berlin-Spandau"]
[Date "2010.08.18"]
[Round "3.76"]
[White "Kaiser, Horst"]
[Black "Kollowa, Kurt"]
[Result "0-1"]
[WhiteElo "1671"]
[BlackElo "1894"]
[PlyCount "58"]
[EventDate "2010.08.??"]
[EventType "swiss"]
[EventRounds "9"]
[EventCountry "GER"]
[WhiteTeam "Deutsche Bahn/BSW"]
[BlackTeam "SC Finsterwalde e.V."]

1. c4 e5 2. Nc3 Nf6 3. g3 d5 4. cxd5 Nxd5 5. Bg2 Nb6 6. Nf3 Nc6 7. O-O Be7 8.
d3 Be6 9. Be3 f5 10. Qc1 h6 11. Nd2 Nd5 12. Nxd5 Bxd5 13. Nf3 O-O 14. Bc5 Rf7
15. Bxe7 Rxe7 16. Re1 Rd7 17. Qc3 Qe7 18. e4 fxe4 19. dxe4 Bf7 20. a3 Rad8 21.
Re3 Nd4 22. Rae1 c5 23. Nh4 g6 24. Bh3 Rc7 25. f4 exf4 26. Nxg6 Bxg6 27. gxf4
Kf8 28. f5 Bh5 29. Qc4 Nf3+ 0-1

[Event "22.Deutsche Senioreneinzelmeisterschaft"]
[Site "Berlin-Spandau"]
[Date "2010.08.18"]
[Round "3.77"]
[White "Schampel, Arno"]
[Black "Schmidt, Manfred"]
[Result "1-0"]
[WhiteElo "1662"]
[BlackElo "1890"]
[PlyCount "155"]
[EventDate "2010.08.??"]
[EventType "swiss"]
[EventRounds "9"]
[EventCountry "GER"]
[WhiteTeam "SV Riegelsberg 1926"]
[BlackTeam "SV Springe"]

1. d4 d5 2. c4 c6 3. e3 Nf6 4. Nf3 e6 5. Nbd2 Bd6 6. Bd3 O-O 7. O-O Nbd7 8. e4
dxe4 9. Nxe4 Nxe4 10. Bxe4 f5 11. Bc2 Nf6 12. Re1 h6 13. Ne5 Bxe5 14. dxe5 Qxd1
15. Rxd1 Nd7 16. f4 Nb6 17. b3 Bd7 18. Be3 Rfd8 19. a4 Be8 20. a5 Nd7 21. Rd6
Nf8 22. Rad1 Rxd6 23. Rxd6 Kf7 24. b4 a6 25. Bf2 Ng6 26. g3 Ne7 27. Bc5 Ng6 28.
Bd1 Nf8 29. g4 Nd7 30. Bf2 Nf8 31. h3 Rc8 32. Bc2 g6 33. Kg2 Rb8 34. gxf5 gxf5
35. Bd1 Kg6 36. Bh4 Bf7 37. Be7 Re8 38. Bxf8 Rxf8 39. Rd7 Rb8 40. Bh5+ Kxh5 41.
Rxf7 b5 42. c5 Rd8 43. Re7 Rd4 44. Rxe6 Rxf4 45. Rxc6 Rxb4 46. e6 Re4 47. Rxa6
Kg6 48. Rb6 b4 49. a6 b3 50. Kf3 Ra4 51. Rxb3 Rxa6 52. Rb6 Ra3+ 53. Kf4 Rc3 54.
Rc6 Kf6 55. e7+ Kxe7 56. Kxf5 Rxh3 57. Rc7+ Kd8 58. Rh7 Rh5+ 59. Ke6 Rh2 60.
Kd6 Rd2+ 61. Kc6 Ra2 62. Rh8+ Ke7 63. Kb6 Rb2+ 64. Kc7 Rb5 65. Kc6 Rb2 66. Rh7+
Kd8 67. Rxh6 Rb1 68. Rh8+ Ke7 69. Kc7 Rb2 70. Rh6 Rb1 71. Rh5 Rc1 72. Re5+ Kf6
73. Kd6 Rc2 74. Rd5 Rc1 75. c6 Re1 76. c7 Re6+ 77. Kd7 Re7+ 78. Kd8 1-0

[Event "22.Deutsche Senioreneinzelmeisterschaft"]
[Site "Berlin-Spandau"]
[Date "2010.08.18"]
[Round "3.78"]
[White "Kaufmann, Helmut"]
[Black "Weller, Friedhelm"]
[Result "1-0"]
[WhiteElo "1889"]
[BlackElo "1685"]
[PlyCount "131"]
[EventDate "2010.08.??"]
[EventType "swiss"]
[EventRounds "9"]
[EventCountry "GER"]
[WhiteTeam "SC Emmendingen 1937 e.V."]
[BlackTeam "SK Union Oldenburg"]

1. d4 d5 2. Nf3 Nf6 3. e3 a6 4. Bd3 Bg4 5. Nbd2 Nc6 6. c3 e5 7. dxe5 Nxe5 8.
Be2 Ng6 9. O-O Bd6 10. h3 Bd7 11. Qc2 O-O 12. Bd3 c5 13. c4 b5 14. b3 dxc4 15.
bxc4 b4 16. Bb2 Bc6 17. Ne4 Nxe4 18. Bxe4 Bxe4 19. Qxe4 Re8 20. Qc2 a5 21. Rad1
Qe7 22. Rd5 a4 23. Rfd1 Ra6 24. Qd3 Rd8 25. Kf1 f6 26. Rxc5 Bxc5 27. Qxd8+ Qxd8
28. Rxd8+ Nf8 29. Bd4 Be7 30. Rb8 Kf7 31. c5 Ne6 32. Rb7 g5 33. Nd2 f5 34. Nc4
Kf8 35. Ne5 f4 36. Rxb4 fxe3 37. fxe3 Ra8 38. Rb6 Nc7 39. Rb7 Nd5 40. Nd7+ Ke8
41. Nb6 Rd8 42. c6 Nxb6 43. Bxb6 Rc8 44. Bc7 h5 45. Ke2 Bf6 46. Kd3 Ke7 47.
Be5+ Ke6 48. Bxf6 Kxf6 49. Rb6 Ke7 50. Rb5 Kf6 51. Rc5 h4 52. Kc4 Ke6 53. Kb5
Kd6 54. Rc4 a3 55. Rd4+ Kc7 56. Rd7+ Kb8 57. Kb6 Re8 58. Rg7 Kc8 59. Rxg5 Kd8
60. Kb7 Re7+ 61. Kb8 Re8 62. Rd5+ Ke7+ 63. Kb7 Ke6 64. Rd4 Rg8 65. c7 Rg7 66.
Kb8 1-0

[Event "22.Deutsche Senioreneinzelmeisterschaft"]
[Site "Berlin-Spandau"]
[Date "2010.08.18"]
[Round "3.79"]
[White "Schurig, Wilhelm"]
[Black "Vogel, Wilfrid"]
[Result "1-0"]
[WhiteElo "1887"]
[BlackElo "1681"]
[PlyCount "45"]
[EventDate "2010.08.??"]
[EventType "swiss"]
[EventRounds "9"]
[EventCountry "GER"]
[WhiteTeam "SV Thiersheim"]
[BlackTeam "SK Bad Homburg 1927"]

1. Nf3 d5 2. g3 Nf6 3. Bg2 c6 4. d3 Bg4 5. O-O Nbd7 6. Nbd2 e5 7. h3 Bxf3 8.
Nxf3 Bd6 9. b3 Qc7 10. Bb2 O-O-O 11. c4 e4 12. Ng5 e3 13. cxd5 exf2+ 14. Rxf2
Bxg3 15. Rf5 Qb6+ 16. d4 Nxd5 17. Bxd5 cxd5 18. Qd3 Qg6 19. Qxg3 b6 20. Rxd5 f6
21. Rc1+ Kb7 22. Rc7+ Ka8 23. Rdxd7 1-0

[Event "22.Deutsche Senioreneinzelmeisterschaft"]
[Site "Berlin-Spandau"]
[Date "2010.08.18"]
[Round "3.80"]
[White "Berger, Volkmar"]
[Black "Kornath, Heinrich"]
[Result "0-1"]
[WhiteElo "1653"]
[BlackElo "1881"]
[PlyCount "84"]
[EventDate "2010.08.??"]
[EventType "swiss"]
[EventRounds "9"]
[EventCountry "GER"]
[WhiteTeam "Landessenioren-SV Bran"]
[BlackTeam "SC Friesen Lichtenberg e.V."]

1. d4 Nf6 2. c4 g6 3. Nc3 Bg7 4. Bg5 c5 5. Bxf6 Bxf6 6. d5 d6 7. e3 Na6 8. a3
O-O 9. Bd3 e6 10. Rb1 Nc7 11. Be4 Bg7 12. g3 f5 13. Bg2 e5 14. Nge2 Rb8 15. b4
Na6 16. O-O b6 17. Nb5 Rf7 18. Qa4 Ra8 19. Qc2 g5 20. f4 h6 21. Bh3 gxf4 22.
gxf4 e4 23. Ng3 Bf8 24. Kh1 Qh4 25. Qg2 Rg7 26. Bxf5 Rxg3 27. Qxe4 Bxf5 28.
Qxf5 Re8 29. e4 Rg7 30. Rg1 Qe7 31. Rbe1 cxb4 32. e5 dxe5 33. d6 Qb7+ 34. Qe4
Qxe4+ 35. Rxe4 Rxg1+ 36. Kxg1 Nc5 37. Rxe5 Rxe5 38. fxe5 bxa3 39. Nxa3 Kf7 40.
Nb5 a5 41. Nd4 a4 42. d7 Be7 0-1

[Event "22.Deutsche Senioreneinzelmeisterschaft"]
[Site "Berlin-Spandau"]
[Date "2010.08.18"]
[Round "3.81"]
[White "Worschech, Roland"]
[Black "Bauder, Herbert"]
[Result "1/2-1/2"]
[WhiteElo "1644"]
[BlackElo "1865"]
[PlyCount "69"]
[EventDate "2010.08.??"]
[EventType "swiss"]
[EventRounds "9"]
[EventCountry "GER"]
[WhiteTeam "SK 1907 Kulmbach"]
[BlackTeam "SG Lasker Steglitz-Wilmersdorf"]

1. d4 Nf6 2. c4 g6 3. Nc3 Bg7 4. e4 d6 5. Be2 O-O 6. Nf3 e5 7. Bg5 exd4 8. Nxd4
c6 9. O-O Qb6 10. Nb3 Qc7 11. Qd2 Re8 12. Bf3 Be6 13. Qe2 Nbd7 14. Nd4 Ne5 15.
Nxe6 Rxe6 16. Bf4 Rae8 17. Rad1 h6 18. Rfe1 g5 19. Bxe5 Rxe5 20. Qe3 d5 21.
cxd5 cxd5 22. g3 Qe7 23. Bg2 dxe4 24. Qd4 b6 25. Rd2 e3 26. fxe3 Rxe3 27. Rxe3
Qxe3+ 28. Qxe3 Rxe3 29. Nd5 Nxd5 30. Bxd5 Kf8 31. a4 Re1+ 32. Kf2 Rb1 33. b3
Bc3 34. Re2 Bd4+ 35. Kg2 1/2-1/2

[Event "22.Deutsche Senioreneinzelmeisterschaft"]
[Site "Berlin-Spandau"]
[Date "2010.08.18"]
[Round "3.82"]
[White "Steffen, Guenter"]
[Black "Klevenow, Hellmut"]
[Result "1/2-1/2"]
[WhiteElo "1865"]
[BlackElo "1661"]
[PlyCount "123"]
[EventDate "2010.08.??"]
[EventType "swiss"]
[EventRounds "9"]
[EventCountry "GER"]
[WhiteTeam "SV Empor West Zwickau"]
[BlackTeam "SV Koenigsjaeger Sued-West e.V."]

1. Nc3 d5 2. e4 dxe4 3. Nxe4 Bf5 4. Ng3 Bg6 5. Nf3 Nf6 6. d4 e6 7. Bc4 Be7 8.
c3 c6 9. Ne5 Nbd7 10. Nxg6 hxg6 11. Qc2 Nb6 12. Bd3 Kd7 13. Bd2 Qc7 14. O-O-O
Bd6 15. c4 Bxg3 16. hxg3 Rae8 17. Bf4 Qd8 18. Be5 Rxh1 19. Rxh1 Rh8 20. Rd1 Kc8
21. c5 Nbd5 22. Qa4 a5 23. a3 Nd7 24. Bd6 Nb8 25. Kc2 Rh5 26. b4 axb4 27. axb4
Nc7 28. Qa7 Rd5 29. Be4 Rxd6 30. cxd6 Qxd6 31. Qc5 Nb5 32. Qxd6 Nxd6 33. Bd3
Nd7 34. Rh1 Nf6 35. f3 Kc7 36. g4 Nd5 37. Rh7 Nxb4+ 38. Kd2 Nxd3 {=} 39. Kxd3
Ne8 40. Kc3 b6 41. g5 Kd7 42. Rh8 Ke7 43. Rh1 Nd6 44. Rb1 Nb5+ 45. Kd3 Kd6 46.
Ra1 Nc7 47. Ra7 f5 48. Rb7 b5 49. Rb8 Kd7 50. Rg8 Ne8 51. Kc3 Ke7 52. Kb4 Kf7
53. Rh8 Ke7 54. Kc5 Kd7 55. Rh1 Kc7 56. Ra1 Kb7 57. Re1 Nc7 58. Kd6 b4 59. Rb1
Nd5 60. Kxe6 Kb6 61. Kd6 Kb5 62. Ra1 {=} 1/2-1/2

[Event "22.Deutsche Senioreneinzelmeisterschaft"]
[Site "Berlin-Spandau"]
[Date "2010.08.18"]
[Round "3.83"]
[White "Peter, Volkhard"]
[Black "Walther, Joachim"]
[Result "0-1"]
[WhiteElo "1640"]
[BlackElo "1864"]
[PlyCount "108"]
[EventDate "2010.08.??"]
[EventType "swiss"]
[EventRounds "9"]
[EventCountry "GER"]
[WhiteTeam "Schachclub Oranienburg e.V."]
[BlackTeam "Stahl Blankenburg"]

1. e4 c5 2. d4 cxd4 3. c3 Nc6 4. cxd4 d5 5. e5 Bf5 6. Nf3 e6 7. Nc3 Bb4 8. Bd3
Nge7 9. O-O Bxd3 10. Qxd3 h6 11. a3 Bxc3 12. bxc3 O-O 13. g4 Ng6 14. g5 hxg5
15. Nxg5 Re8 16. Qh3 Nf8 17. Qh5 g6 18. Qf3 Qe7 19. h4 Nh7 20. Kg2 f5 21. Nxh7
Qxh7 22. Rh1 Qh5 23. Rh3 Kf7 24. Bg5 Na5 25. Rb1 b6 26. Rb5 Rec8 27. Rb4 Rc7
28. Qxh5 gxh5 29. Rb1 Rac8 30. Bd2 Nc4 31. Bc1 {=} Rg8+ 32. Rg3 Rxg3+ 33. Kxg3
Nxa3 34. Rb3 Nc4 35. Bg5 Rc8 36. f3 a5 37. Bc1 Ra8 38. Kf4 Rg8 39. Ba3 Rg1 40.
Bd6 Kg6 41. Bc7 Rf1 42. Kg3 Rxf3+ 43. Kg2 Rd3 44. Bxb6 f4 45. Kf2 Kf5 46. Bd8
Ke4 47. Bg5 a4 48. Rb7 Rxc3 49. Rf7 Rc2+ 50. Ke1 Rc1+ 51. Kf2 Rc2+ 52. Ke1 Kxd4
53. Bxf4 Nxe5 54. Bg3 Nxf7 0-1

[Event "22.Deutsche Senioreneinzelmeisterschaft"]
[Site "Berlin-Spandau"]
[Date "2010.08.18"]
[Round "3.84"]
[White "Francke, Joerg"]
[Black "Bockelmann, Rolf"]
[Result "1-0"]
[WhiteElo "1861"]
[BlackElo "1647"]
[PlyCount "165"]
[EventDate "2010.08.??"]
[EventType "swiss"]
[EventRounds "9"]
[EventCountry "GER"]
[WhiteTeam "SC Weisse Dame e.V."]
[BlackTeam "SG Lasker Steglitz-Wilmersdorf"]

1. Nf3 d5 2. c4 d4 3. d3 c5 4. Nbd2 Nc6 5. g3 e5 6. Bg2 f5 7. O-O Nf6 8. Ne1
Be7 9. a3 O-O 10. Rb1 Qc7 11. e3 f4 12. exf4 exf4 13. Ne4 fxg3 14. hxg3 Nxe4
15. Bxe4 h6 16. Qh5 Qd6 17. Ng2 Qf6 18. Bf4 g5 19. Bd2 Ne5 20. f3 Rb8 21. b4 b6
22. Rbe1 Bf5 23. f4 Bg4 24. Qh2 gxf4 25. Nxf4 Qd6 26. Bd5+ Kh7 27. Ne6 Rxf1+
28. Rxf1 Bf8 29. Be4+ Kg8 30. Nf4 Be7 31. Nd5 h5 32. Bf4 Rf8 33. Qg2 Qe6 34.
Nxe7+ Qxe7 35. Bd5+ Kg7 36. Qd2 Qf6 37. bxc5 bxc5 38. Qa5 Qe7 39. Rb1 Rd8 40.
Rb7 Rd7 41. Rxd7 Nxd7 42. Qd2 Qf6 43. Bg5 Qd6 44. Qf2 Qg6 45. Qf4 Nf6 46. Qe5
Qf5 47. Bxf6+ Qxf6 48. Qc7+ Kh6 49. Qxc5 Qe5 50. Qf8+ Kg5 51. Qf2 Qe3 52. Qxe3+
dxe3 53. d4 Kf6 54. c5 Ke7 55. Kf1 a5 56. Bc4 Kd7 57. Be2 Bh3+ 58. Ke1 Kc6 59.
Bxh5 Kd5 60. Ke2 Kxd4 61. c6 Bc8 62. Be8 Ba6+ 63. Ke1 Kc5 64. g4 Kd6 65. Bd7
Ke7 66. Bf5 Kd6 67. Be4 Ke5 68. Bf3 Kd6 69. Kd1 Bc4 70. Kc2 Be6 71. Kd3 Kc5 72.
Kxe3 Kc4 73. g5 Kb3 74. Kd4 Kxa3 75. Kc3 Ka4 76. Be2 Ka3 77. g6 Ka2 78. Bc4+
Bxc4 79. Kxc4 a4 80. g7 a3 81. Kc3 Kb1 82. g8=Q a2 83. Qg1# 1-0

[Event "22.Deutsche Senioreneinzelmeisterschaft"]
[Site "Berlin-Spandau"]
[Date "2010.08.18"]
[Round "3.85"]
[White "Gimber, Robert"]
[Black "Hoelting, Siegfried"]
[Result "1/2-1/2"]
[WhiteElo "1635"]
[BlackElo "1853"]
[PlyCount "103"]
[EventDate "2010.08.??"]
[EventType "swiss"]
[EventRounds "9"]
[EventCountry "GER"]
[WhiteTeam "SV Riegelsberg 1926"]
[BlackTeam "SC Kevelaer 1948 e.V."]

1. Nf3 d5 2. d4 Nf6 3. c4 c6 4. Nc3 e6 5. Bg5 Nbd7 6. e3 Be7 7. Rc1 O-O 8. Bd3
h6 9. Bh4 dxc4 10. Bxc4 b5 11. Bd3 Bb7 12. O-O a6 13. Re1 c5 14. dxc5 Nxc5 15.
Bb1 Qxd1 16. Rexd1 g5 17. Bg3 Rac8 18. Ne5 b4 19. Ne2 Nfe4 20. f3 Nxg3 21. hxg3
Bf6 22. Nc4 Na4 23. b3 Nc3 24. Nxc3 Bxc3 25. a3 Bd5 26. Nb6 Rcd8 27. Nxd5 Rxd5
28. Rxd5 exd5 29. Rd1 Re8 30. Kf2 Rd8 31. axb4 Bxb4 32. Be4 d4 33. exd4 Bc5 34.
Ke3 Kg7 35. Rd3 Bb4 36. Ke2 Re8 37. g4 h5 38. Kf2 hxg4 39. Kg3 gxf3 40. gxf3
Kf6 41. d5 Ke5 42. Kg4 f6 43. Bf5 Kd6 44. Be6 Ke7 45. Kf5 Bd6 46. Kg6 Be5 47.
Rd1 a5 48. Rh1 Rb8 49. Rh7+ Kd6 50. Rd7+ Kc5 51. Ra7 Rxb3 52. Rxa5+ 1/2-1/2

[Event "22.Deutsche Senioreneinzelmeisterschaft"]
[Site "Berlin-Spandau"]
[Date "2010.08.18"]
[Round "3.86"]
[White "Finzer, Lothar"]
[Black "Plewka, Manfred"]
[Result "0-1"]
[WhiteElo "1631"]
[BlackElo "1845"]
[PlyCount "96"]
[EventDate "2010.08.??"]
[EventType "swiss"]
[EventRounds "9"]
[EventCountry "GER"]
[WhiteTeam "SK Speyer"]
[BlackTeam "SV VHS Rendsburg"]

1. d4 f5 2. c4 g6 3. Nc3 Nf6 4. h3 d6 5. Nf3 Bg7 6. Bf4 O-O 7. e3 Nbd7 8. Be2
c6 9. Qb3 Kh8 10. Rd1 Nh5 11. Bh2 Qe8 12. Ng5 e5 13. d5 c5 14. Ne6 Ndf6 15. Nc7
Qd8 16. Nxa8 f4 17. exf4 Nxf4 18. Bxf4 exf4 19. O-O g5 20. Bf3 g4 21. hxg4 Nxg4
22. Rd2 Ne5 23. Nb5 Bg4 24. Bxg4 Nxg4 25. Nac7 f3 26. gxf3 Ne5 27. Ne6 Qf6 28.
f4 Rg8 29. Qh3 Bh6+ 30. Kh1 Bxf4 31. Nxf4 Qxf4 32. Re2 Rg4 33. Re3 Rh4 34. Nxd6
Rxh3+ 35. Rxh3 Ng4 36. Kg2 Qxd6 37. f4 Qg6 38. Kf3 Qd3+ 39. Kxg4 Qxf1 40. b3
Kg7 41. Re3 h5+ 42. Kf5 Kf7 43. Ke5 Qg1 44. Re2 Qd4+ 45. Kf5 Qd3+ 46. Re4 h4
47. Ke5 h3 48. d6 Qxe4+ 0-1

[Event "22.Deutsche Senioreneinzelmeisterschaft"]
[Site "Berlin-Spandau"]
[Date "2010.08.18"]
[Round "3.87"]
[White "Scholtyssek, Werner"]
[Black "Klempt, Guenter"]
[Result "0-1"]
[WhiteElo "1623"]
[BlackElo "1843"]
[PlyCount "110"]
[EventDate "2010.08.??"]
[EventType "swiss"]
[EventRounds "9"]
[EventCountry "GER"]
[WhiteTeam "SK Blankenloch 1947 e.V."]
[BlackTeam "Bochumer SV 02"]

1. e4 c5 2. Nf3 Nc6 3. d4 cxd4 4. Nxd4 g6 5. Nc3 Bg7 6. Be3 Nf6 7. Qd2 O-O 8.
a3 Ng4 9. Nxc6 bxc6 10. Be2 Nxe3 11. Qxe3 Rb8 12. Rb1 d5 13. Qg3 Be6 14. O-O
dxe4 15. Rfd1 Qa5 16. h3 Bf5 17. Qe3 Rfd8 18. b4 Qb6 19. Rxd8+ Rxd8 20. Qxb6
axb6 21. Nd1 Be6 22. c4 {=} Ra8 23. Rb3 b5 24. Ne3 Bd4 25. g3 f5 26. h4 Kg7 27.
Kg2 Kf6 28. f3 Kf7 29. f4 Ke8 30. Kf2 Kd7 31. Ke1 Bxe3 32. Rxe3 Bxc4 33. Rc3
Bxe2 34. Kxe2 Kd6 35. Ke3 e5 36. fxe5+ Kxe5 37. Rc5+ Kd6 38. Rc3 h6 39. g4 fxg4
40. Kxe4 Rf8 41. Rd3+ Ke7 42. Rc3 Rf6 43. Ke5 Rf5+ 44. Ke4 Kd6 45. Rd3+ Kc7 46.
Rg3 h5 47. Kd4 Kd6 48. Ke4 Rf3 49. Rxf3 gxf3 50. Kxf3 Ke5 51. Ke3 g5 52. hxg5
Kf5 53. g6 Kxg6 54. Kf4 Kf6 55. Kg3 Ke5 0-1

[Event "22.Deutsche Senioreneinzelmeisterschaft"]
[Site "Berlin-Spandau"]
[Date "2010.08.18"]
[Round "3.88"]
[White "Nietsch, Horst"]
[Black "Paetzold, Horst"]
[Result "1-0"]
[WhiteElo "1837"]
[BlackElo "1641"]
[PlyCount "49"]
[EventDate "2010.08.??"]
[EventType "swiss"]
[EventRounds "9"]
[EventCountry "GER"]

1. e4 c5 2. Nc3 Nc6 3. Bb5 a6 4. Bxc6 bxc6 5. f4 d5 6. d3 d4 7. Nce2 Bg4 8. h3
Bxe2 9. Qxe2 Rb8 10. Nf3 Nf6 11. O-O e6 12. b3 Qc7 13. Ne5 Bd6 14. Nxf7 Qxf7
15. e5 Be7 16. exf6 Bxf6 17. Ba3 Be7 18. Rae1 Kd7 19. f5 exf5 20. Rxf5 Qxf5 21.
Qxe7+ Kc8 22. Re6 Rb7 23. Rxc6+ Kb8 24. Qd6+ Ka8 25. Rxa6+ 1-0

[Event "22.Deutsche Senioreneinzelmeisterschaft"]
[Site "Berlin-Spandau"]
[Date "2010.08.18"]
[Round "3.89"]
[White "Husser, Oskar"]
[Black "Schneider, Miloca"]
[Result "1/2-1/2"]
[WhiteElo "1620"]
[BlackElo "1834"]
[PlyCount "67"]
[EventDate "2010.08.??"]
[EventType "swiss"]
[EventRounds "9"]
[EventCountry "GER"]

1. Nf3 Nf6 2. c4 g6 3. Nc3 Bg7 4. g3 O-O 5. Bg2 c6 6. O-O d6 7. d4 Qa5 8. e4 e5
9. dxe5 dxe5 10. Qc2 Be6 11. b3 Rd8 12. Bd2 Qc7 13. Rad1 Na6 14. Na4 Ne8 15.
Be3 f6 16. Rxd8 Rxd8 17. Rd1 b5 18. Nb2 b4 19. Bd2 c5 20. Be3 Bf8 21. Ne1 f5
22. Rxd8 Qxd8 23. Qd3 Qe7 24. exf5 gxf5 25. Bd5 Nac7 26. Bxe6+ Qxe6 27. Na4 e4
28. Qd2 Qc6 29. Qd1 Be7 30. Ng2 Ne6 31. Nf4 Nxf4 32. Bxf4 Bf6 33. Be3 Be7 34.
Kg2 1/2-1/2

[Event "22.Deutsche Senioreneinzelmeisterschaft"]
[Site "Berlin-Spandau"]
[Date "2010.08.18"]
[Round "3.90"]
[White "Bieberle, Gerhart"]
[Black "Hopp, Barbara"]
[Result "1/2-1/2"]
[WhiteElo "1830"]
[BlackElo "1638"]
[PlyCount "71"]
[EventDate "2010.08.??"]
[EventType "swiss"]
[EventRounds "9"]
[EventCountry "GER"]
[WhiteTeam "Eschweiler SC 1921 e.V."]
[BlackTeam "SV Oberursel"]

1. d4 Nf6 2. c4 g6 3. Nc3 Bg7 4. e4 O-O 5. Be3 d6 6. Bd3 Ng4 7. Nge2 Nxe3 8.
fxe3 e5 9. O-O Nc6 10. d5 Ne7 11. b4 f5 12. Qd2 Bd7 13. exf5 Nxf5 14. Bxf5 Bxf5
15. e4 Bd7 16. Rxf8+ Qxf8 17. Rf1 Qe7 18. Qe3 b6 19. h3 Rf8 20. Rxf8+ Qxf8 21.
Nb5 Bxb5 22. cxb5 Bh6 23. Qf3 Qxf3 24. gxf3 Bd2 25. a3 g5 26. Kf2 Kg7 27. Kg2
Kf6 28. Kf2 h6 29. Kg2 h5 30. Kf2 h4 31. Kg2 Ke7 32. Kf1 Kd7 33. Kf2 Kc8 34.
Kf1 Kb7 35. Kf2 a6 36. a4 1/2-1/2

[Event "22.Deutsche Senioreneinzelmeisterschaft"]
[Site "Berlin-Spandau"]
[Date "2010.08.18"]
[Round "3.91"]
[White "Dahlhaus, Friedhelm"]
[Black "Muehlhan, Klaus"]
[Result "1-0"]
[WhiteElo "2010"]
[BlackElo "1826"]
[PlyCount "39"]
[EventDate "2010.08.??"]
[EventType "swiss"]
[EventRounds "9"]
[EventCountry "GER"]

1. e4 c5 2. Nf3 e6 3. d4 cxd4 4. Nxd4 Nf6 5. Nc3 d6 6. Be2 a6 7. f4 Nbd7 8. Be3
Qc7 9. O-O b6 10. f5 e5 11. Ne6 fxe6 12. fxe6 Nc5 13. Bh5+ Nxh5 14. Nd5 Qc6 15.
Qxh5+ g6 16. Rxf8+ Rxf8 17. Qxh7 Qb7 18. Qxg6+ Rf7 19. exf7+ Qxf7 20. Nc7+ 1-0

[Event "22.Deutsche Senioreneinzelmeisterschaft"]
[Site "Berlin-Spandau"]
[Date "2010.08.18"]
[Round "3.92"]
[White "Mohr, Horst"]
[Black "Seidel, Arnold"]
[Result "0-1"]
[WhiteElo "1616"]
[BlackElo "1828"]
[PlyCount "80"]
[EventDate "2010.08.??"]
[EventType "swiss"]
[EventRounds "9"]
[EventCountry "GER"]
[WhiteTeam "SC Caissa Falkensee e.V."]
[BlackTeam "SV Kali Wolmirstedt"]

1. d4 g6 2. Nf3 Bg7 3. Nc3 b6 4. Bf4 Bb7 5. Qd2 d6 6. e4 Nd7 7. O-O-O e6 8. Bc4
a6 9. a3 Ne7 10. Bh6 O-O 11. h4 b5 12. Ba2 Nf6 13. Bxg7 Kxg7 14. h5 Nxe4 15.
Nxe4 Bxe4 16. Ng5 Bxg2 17. Rh2 Bd5 18. Bxd5 Nxd5 19. hxg6 hxg6 20. Rh7+ Kf6 21.
Re1 c5 22. f4 Rc8 23. Kb1 b4 24. dxc5 dxc5 25. axb4 Nxb4 26. Ne4+ Ke7 27. Qg2
Qd4 28. Ng5 Rc6 29. Nf3 Qd5 30. b3 c4 31. Qg5+ Qxg5 32. Nxg5 cxb3 33. cxb3 Nd3
34. Rf1 Rb6 35. Rf3 Nb4 36. Rc3 Nd5 37. Rf3 Rb4 38. Rh4 e5 39. Kb2 Nxf4 40. Kc3
Nd5+ 0-1

[Event "22.Deutsche Senioreneinzelmeisterschaft"]
[Site "Berlin-Spandau"]
[Date "2010.08.18"]
[Round "3.93"]
[White "Fassmann, Kurt"]
[Black "Bungter, Hans"]
[Result "1-0"]
[WhiteElo "1826"]
[BlackElo "1635"]
[PlyCount "83"]
[EventDate "2010.08.??"]
[EventType "swiss"]
[EventRounds "9"]
[EventCountry "GER"]
[WhiteTeam "TuS Mehlmeisel"]
[BlackTeam "Rheydter SV 1920"]

1. d4 e6 2. c4 f5 3. Nf3 Nf6 4. Nc3 d5 5. Bg5 c6 6. e3 Bd6 7. Ne5 Nbd7 8. f4
Be7 9. c5 Nxe5 10. fxe5 Nd7 11. Qh5+ g6 12. Bxe7 Qxe7 13. Qh6 Qf8 14. Qxf8+
Rxf8 15. g3 Rf7 16. Bd3 Nf8 17. O-O Bd7 18. b4 a6 19. a4 g5 20. b5 Ng6 21. bxa6
bxa6 22. Rab1 Bc8 23. Rb6 Rc7 24. a5 Ne7 25. Be2 g4 26. Bd3 Kd7 27. Rfb1 Rca7
28. Na4 Kc7 29. Kg2 Bb7 30. R6b2 Rg8 31. Nc3 Bc8 32. Rb6 Bb7 33. Ne2 Ng6 34.
Nc3 Ne7 35. Na2 Nc8 36. Nb4 Nxb6 37. cxb6+ Kb8 38. bxa7+ Kxa7 39. Rc1 Rc8 40.
Kf2 Rc7 41. Be2 Rc8 42. Nd3 1-0